| 000 | 00729nmc a2200277 a 4500 | ||
|---|---|---|---|
| 003 | AR-BaBNM | ||
| 005 | 20251128204346.0 | ||
| 008 | 215019s1993 ||||||||||||||000 | spa|| | ||
| 020 | _a950-9732-19-2 | ||
| 040 | _cAR-BaBNM | ||
| 100 | 1 | _aCabal, Graciela Beatriz | |
| 245 | 1 | 0 | _aLos derechos de las mujeres |
| 250 | _a4ยช ed. | ||
| 260 |
_aBuenos Aires _bCoquena Grupo Editor _c1993 |
||
| 300 |
_ap. irreg. _bil. |
||
| 490 | 0 |
_aEntender y participar _vv. 16 |
|
| 521 | _aPRIMARIO | ||
| 650 | 4 | _aEDUCACION CIVICA | |
| 650 | 4 | _aCIENCIAS POLITICAS | |
| 650 | 4 | _aDERECHOS DE LA MUJER | |
| 650 | 4 | _aEDUCACION DE LA MUJER | |
| 651 | 4 | _aArgentina | |
| 700 | 1 |
_aKern, Sergio _eilustrador |
|
| 942 | _cBK | ||
| 998 | _cHector | ||
| 999 |
_c7145 _d7145 |
||